Les livres de... Albert Camus - Statistiques

Statistiques générales
  • Ce quiz a été pris 394 fois
  • Le résultat moyen est 4 sur 15
Statistiques - réponses
Date de parution Nom % Correct
1942 L'Étranger
98%
1947 La Peste
86%
1942 Le Mythe de Sisyphe
62%
1956 La Chute
59%
1951 L'Homme révolté
35%
1954 L'Été
34%
1939 Noces
21%
1937 L'Envers et l'Endroit
13%
1957 L'Exil et le Royaume
13%
1945 Lettres à un ami allemand
7%
1957 Réflexions sur la peine capitale
4%
1936 Révolte dans les Asturies
3%
1950 Actuelles I, Chroniques 1944-1948
2%
1953 Actuelles II, Chroniques 1948-1953
2%
1958 Actuelles III, Chroniques algériennes 1939-1958
2%
Aucun quiz correspondant
Distribution des résultats
% des personnes avec chaque résultat
Percentile par nombre de réponses
Votre historique - résultats
Vous n’avez pas pris ce quiz